00637nam a2200169Ia 450000500170000000800410001704000190005804100120007708200160008924502140010526000260031930000110034550400390035665000330039570000290042885000100045720230223114203.0131103s9999 xx 000 0 und d aLoreto College aEnglish a821.08bPAL 4aThe Golden treasury of the best songs and lyrical poems in the English languagecselected and arranged by Francis Turner Palgrave; with an introduction and additional poems selected and arranged by C. DayLewis aLondonbCollinsc1959 a576p.  aIncludes notes, index and glossary aEnglish Poetry - Collections aPalgrave, Francis Turner aLCLIB